Deontología informativa : (Record no. 101341)

MARC details
000 -LEADER
fixed length control field 00723nam a22002177a 4500
005 - DATE AND TIME OF LATEST TRANSACTION
control field 20150923125722.0
008 - FIXED-LENGTH DATA ELEMENTS--GENERAL INFORMATION
fixed length control field 150923b mx ||||| |||| 00| 0 spa d
020 ## - INTERNATIONAL STANDARD BOOK NUMBER
International Standard Book Number 9688593508
050 04 - LIBRARY OF CONGRESS CALL NUMBER
Classification number PN4756
Item number V55 1999
100 1# - MAIN ENTRY--PERSONAL NAME
Personal name Villanueva, Ernesto
245 10 - TITLE STATEMENT
Title Deontología informativa :
Remainder of title Códigos deontológicos de la prensa escrita en el mundo /
Statement of responsibility, etc Ernesto Vilanueva
250 ## - EDITION STATEMENT
Edition statement 1a ed.
260 ## - PUBLICATION, DISTRIBUTION, ETC. (IMPRINT)
Place of publication, distribution, etc México :
Name of publisher, distributor, etc Universidad Iberoamericana
260 ## - PUBLICATION, DISTRIBUTION, ETC. (IMPRINT)
Name of publisher, distributor, etc Pontificia Universidad Javeriana
260 ## - PUBLICATION, DISTRIBUTION, ETC. (IMPRINT)
Name of publisher, distributor, etc Facultad de Ciencias Jurídicas,
Date of publication, distribution, etc 1999
300 ## - PHYSICAL DESCRIPTION
Extent 389 p. ;
Dimensions 22 cm.
504 ## - BIBLIOGRAPHY, ETC. NOTE
Bibliography, etc Incluye índice
650 #7 - SUBJECT ADDED ENTRY--TOPICAL TERM
Source of heading or term LEMB
Topical term or geographic name as entry element Periodísmo
General subdivision Ética profesional
650 #7 - SUBJECT ADDED ENTRY--TOPICAL TERM
Source of heading or term LEMB
Topical term or geographic name as entry element Ética profesional
942 ## - ADDED ENTRY ELEMENTS (KOHA)
Source of classification or shelving scheme Biblioteca del Cogreso de los Estados Unidos
Koha item type Libro
Holdings
Estado de pérdida Fuente de clasificación Estado del daño No para préstamo Ubicación permanente Ubicación actual Apartado o colección Fecha de adquisición Edición Dependencia de educación superior (DES) Área del conocimiento Clasificación Código de Barras Date last seen Número de copia Tipo de recurso
  Biblioteca del Cogreso de los Estados Unidos     Biblioteca del Posgrado en Derecho Biblioteca del Posgrado en Derecho Colección Ernesto Villanueva 23/09/2015 1a ed. Derecho Ciencias Sociales y Administrativas PN4756 V55 1999 BPD000002866 23/09/2015 1 Libro
  Biblioteca del Cogreso de los Estados Unidos     Biblioteca del Posgrado en Derecho Biblioteca del Posgrado en Derecho Colección Ernesto Villanueva 23/09/2015 1a ed. Derecho Ciencias Sociales y Administrativas PN4756 V55 1999 BPD000002867 23/09/2015 2 Libro
  Biblioteca del Cogreso de los Estados Unidos     Biblioteca del Posgrado en Derecho Biblioteca del Posgrado en Derecho Colección Ernesto Villanueva 23/09/2015 1a ed. Derecho Ciencias Sociales y Administrativas PN4756 V55 1999 BPD000002868 23/09/2015 3 Libro
  Biblioteca del Cogreso de los Estados Unidos     Biblioteca del Posgrado en Derecho Biblioteca del Posgrado en Derecho Colección Ernesto Villanueva 23/09/2015 1a ed. Derecho Ciencias Sociales y Administrativas PN4756 V55 1999 BPD000002869 23/09/2015 4 Libro
  Biblioteca del Cogreso de los Estados Unidos     Biblioteca del Posgrado en Derecho Biblioteca del Posgrado en Derecho Colección Ernesto Villanueva 23/09/2015 1a ed. Derecho Ciencias Sociales y Administrativas PN4756 V55 1999 BPD000002870 23/09/2015 5 Libro